Scotland: myths and legends

Guardat en:
Dades bibliogràfiques
Autor principal: Beare, Beryl (Autor)
Format: Llibre
Idioma:anglès
Publicat: Edimburgo Lomond Books 1997
Matèries:
Etiquetes: Afegir etiqueta
Sense etiquetes, Sigues el primer a etiquetar aquest registre!

MARC

LEADER 00000cam a2200000 a 4500
001 UCG9410
003 CL-VaPUC
008 120316e19970000UK |||||||||||||||||eng|d
020 |a 0752516949 
082 0 4 |a 398.0941  |b BEA  |2 21 
100 0 |a Beare, Beryl  |e author  |9 560980 
245 1 0 |a Scotland: myths and legends 
300 |a 80 p 
942 |c BK 
945 |d 20120316 00:00:00  |a dcastane 
260 |a Edimburgo  |b Lomond Books  |c 1997 
650 0 |a Mitos y leyendas  |9 409902 
650 0 |a Cosmología  |9 269138 
651 7 |a ESCOCIA  |2 CL-VaPUC  |9 332669 
651 7 |a REINO UNIDO  |2 CL-VaPUC  |9 388523 
583 |a last modification  |c 20120316 11:38:00  |k Rodrigo Vera 
999 |c 346965  |d 346963 
952 |0 0  |1 0  |4 0  |6 398_094100000000000_BEA_1997  |7 0  |8 A  |9 448014  |a BIBEDU  |b BIBEDU  |d 2019-11-22  |i 4842286  |o 398.0941 BEA 1997  |p 4842286  |r 2019-11-22  |w 2019-11-22  |y BK  |k LIT